[Event "OP-2018-0-04540"]
[Site "LSS email"]
[Date "2018.03.02"]
[Round "?"]
[White "Rzeszuto, Tomasz"]
[Black "Sandocal, Uzmir"]
[Result "0-1"]
[WhiteElo "1800"]
[BlackElo "1807"]
[PlyCount "62"]
[EventDate "2018.02.24"]
[EventType "tourn (corr)"]
[EventRounds "4"]
[EventCountry "GER"]
[SourceTitle "Corr 2022"]
[Source "ChessBase"]
[SourceDate "2021.10.24"]
[SourceVersion "1"]
[SourceVersionDate "2021.10.24"]
[SourceQuality "1"]

1. c4 d5 2. cxd5 Qxd5 3. Nc3 Qa5 4. d3 Nf6 5. Bd2 e5 6. Nf3 Nc6 7. a3 Qc5 8. Rc1 a6 9. Ne4 Qb6 10. Be3 Qxb2 11. Nxf6+ gxf6 12. g3 Bxa3 13. Bg2 Qb5 14. Rb1 Bb4+ 15. Bd2 a5 16. 0-0 Bg4 17. h3 Be6 18. Bxb4 axb4 19. Nd2 f5 20. Qc2 Ra2 21. Rb2 Nd4 22. Qb1 Nxe2+ 23. Kh2 Nc3 24. Qc2 Rxb2 25. Qxb2 Qxd3 26. Qxb4 Qxd2 27. Qxb7 0-0 28. Qxc7 e4 29. g4 f4 30. Qe5 f3 31. Re1 Rc8 0-1

[Event "OP-2018-0-04540"]
[Site "LSS email"]
[Date "2018.03.02"]
[Round "?"]
[White "Strohmeier, Josef"]
[Black "Rzeszuto, Tomasz"]
[Result "0-1"]
[WhiteElo "1013"]
[BlackElo "1800"]
[PlyCount "68"]
[EventDate "2018.02.24"]
[EventType "tourn (corr)"]
[EventRounds "4"]
[EventCountry "GER"]
[SourceTitle "Corr 2022"]
[Source "ChessBase"]
[SourceDate "2021.10.24"]
[SourceVersion "1"]
[SourceVersionDate "2021.10.24"]
[SourceQuality "1"]

1. e4 c6 2. d4 d5 3. Nc3 dxe4 4. Nxe4 Bf5 5. Ng3 Bg6 6. h4 h6 7. Nf3 Nd7 8. Bd3 Bxd3 9. Qxd3 Qc7 10. Bd2 0-0-0 11. 0-0-0 e6 12. Kb1 Bd6 13. Ne4 Ngf6 14. Nxd6+ Qxd6 15. c4 Nc5 16. Qc2 Nce4 17. Be3 Qc7 18. g3 Nd6 19. Bf4 Qe7 20. Rhe1 Nfe4 21. Rxe4 Nxe4 22. Qxe4 f6 23. d5 e5 24. dxc6 Rxd1+ 25. Kc2 Rd6 26. cxb7+ Qxb7 27. Qf5+ Qd7 28. Qxd7+ Rxd7 29. Be3 Kb7 30. Nd2 a6 31. b4 g5 32. Ne4 Rc8 33. c5 Rc6 34. Kc3 f5 0-1